000 00677nam a22001817a 4500
005 20250926112453.0
010 _aENG-146862
020 _a9789364689472
_c449.00
035 _aEN-130394
037 _bDBAD
082 _21
_a000
245 _aCUET (UG) 2025 General Aptitude Test (GAT)
260 _aUttar Pradesh
_bS. Chand Publishing
_c2025
270 _aD-92, Sector-2, Noida
_bUttar Pradesh
_e201301
_k61-120-4682700
300 _a375p.
_c27cm(pb)
500 _aGK & Current Affairs | General Mental & Numerical Ability | 1000+ Practice Questions | CUET 2024 Papers | Mock Tests | Delhi University, JNU, BHU, Other Un
942 _2ddc
_cEN
_h000
_mCUE
999 _c213466
_d213466